00230nam a2200085Ia 450000500170000000800410001724500590005826000100011799900170012720250523155752.0250523s9999 xx 000 0 und d 0aEce Yüce/Annem Beni SevmiyormucGülten Dayıoğlu bALTIN c12141d12141